Вып. 37; Вопросы химии и химической технологии

Opis bibliograficzny
Parent link:Вопросы химии и химической технологии: республиканский межведомственный научно-технический сборник/ Днепропетровский химико-технологический институт им. Ф. Э. Дзержинского; отв. ред. М. А. Лошкарев. Вып. 37.— , 1965-1991
Kolejni autorzy: Лошкарев М. А. (редактор)
Streszczenie:Рефераты в конце сборника с. 1-9
Język:rosyjski
Wydane: Харьков, Вища школа, 1975
Hasła przedmiotowe:
Format: MixedMaterials Książka
KOHA link:https://koha.lib.tpu.ru/cgi-bin/koha/opac-detail.pl?biblionumber=675627

MARC

LEADER 00000nam2a2200000 4500
001 675627
005 20241017111432.0
035 |a (RuTPU)RU\TPU\book\313743 
090 |a 675627 
100 |a 20241017d1975 k||y0rusy5003 ca 
101 0 |a rus 
102 |a UA 
105 |a a z 001zy 
181 0 |a i   |b  e  
182 0 |a n 
183 0 |a nc  |2 RDAcarrier 
200 0 |a Вып. 37  |f отв. ред. М. А. Лошкарев 
210 |a Харьков  |c Вища школа  |c Изд-во при Харьковском ун-те  |d 1975 
215 |a 150 с. 
283 |a volume 
320 |a Библиография в конце статей 
330 |a Рефераты в конце сборника с. 1-9 
461 1 |0 (RuTPU)RU\TPU\book\110873  |t Вопросы химии и химической технологии  |o республиканский межведомственный научно-технический сборник  |f Днепропетровский химико-технологический институт им. Ф. Э. Дзержинского; отв. ред. М. А. Лошкарев  |v Вып. 37  |d 1965-1991 
606 |a Химия  |2 stltpush  |3 (RuTPU)RU\TPU\subj\17362  |9 43035 
606 |a Химическая технология  |x Общие вопросы  |2 stltpush  |3 (RuTPU)RU\TPU\subj\68259  |9 83693 
610 1 |a адсорбция 
610 1 |a ингибиторы 
610 1 |a фенолы 
610 1 |a адсорбционные свойства 
610 1 |a кулоностатические методы 
610 1 |a кинетика разряда 
610 1 |a деполяризаторы 
610 1 |a концентрация 
610 1 |a добавки 
610 1 |a сплавы 
610 1 |a хлорирование 
610 1 |a пирохлорцинковые концентраты 
610 1 |a аренсульфаниламиды 
610 1 |a превращения 
610 1 |a растительные масла 
610 1 |a оксидация 
610 1 |a сложноэфирные каучуки 
610 1 |a пленочные покрытия 
610 1 |a теплоизоляционные свойства 
610 1 |a колонна-оксидатор 
610 1 |a опытно-промышленные испытания 
610 1 |a углеаммонийные соли 
610 1 |a капельно-проточные тарелки 
610 1 |a дифференциально-термический анализ 
610 1 |a брызгоунос 
610 1 |a мартеновские шлаки 
610 1 |a вязкость 
610 1 |a эмали 
610 1 |a состав 
610 1 |a расчеты 
610 1 |a титановые эмалевые покрытия 
610 1 |a гипсы 
610 1 |a восстановление 
610 1 |a полимеры 
610 1 |a стабилизаторы 
675 |a 54  |v 3 
675 |a 66  |v 3 
702 |4 340  |a Лошкарев  |b М. А. 
801 0 |a RU  |b RuMRKP  |c 20241017  |g psbo 
801 1 |a RU  |b 63413507  |c 20241017 
801 2 |a RU  |b 63413507  |c 20241017  |g RCR 
850 |a 63413507 
942 |c CR